[Event "Madrid-ch Seniors 65 1718"]
[Site "Madrid"]
[Date "2018.01.29"]
[Round "6"]
[White "Arroyo Fraile, Mario"]
[Black "Ramos Isasi, Jose Luis"]
[Result "0-1"]
[WhiteElo "1533"]
[BlackElo "1760"]
[PlyCount "134"]
[EventDate "2018.01.22"]
[EventType "swiss"]
[EventRounds "7"]
[EventCountry "ESP"]
[SourceTitle "EXT 2020"]
[Source "ChessBase"]
[SourceDate "2019.10.17"]
[SourceVersion "1"]
[SourceVersionDate "2019.10.17"]
[SourceQuality "1"]

1. c4 Nf6 2. Nc3 e6 3. g3 Nc6 4. Bg2 b6 5. Nf3 Bb7 6. 0-0 Be7 7. Rb1 0-0 8. a3 a5 9. Re1 d5 10. cxd5 exd5 11. d4 Ne4 12. e3 Bf6 13. Nd2 Nxc3 14. bxc3 Ne7 15. c4 Rb8 16. cxd5 Nxd5 17. Bb2 g6 18. e4 Ne7 19. d5 Bxb2 20. Rxb2 Qd6 21. Rb3 Rfd8 22. Nf1 Qc5 23. Qc1 Qxc1 24. Rxc1 Rbc8 25. Rbc3 c5 26. dxc6 Rxc6 27. Rxc6 Bxc6 28. f3 Rd3 29. Ra1 f5 30. e5 Bxf3 31. Bxf3 Rxf3 32. a4 Rb3 33. Kf2 Kf7 34. h3 Ke6 35. Ne3 Nc6 36. Nc4 Rb4 37. Rc1 Nxe5 38. Nxe5 Kxe5 39. Rc6 Kd5 40. Rc7 Rxa4 41. Rxh7 Ke6 42. Rb7 Rb4 43. Rc7 g5 44. Rc6+ Ke5 45. Rg6 g4 46. h4 f4 47. gxf4+ Rxf4+ 48. Kg3 Rb4 49. h5 Kf5 50. Rg7 Rb3+ 51. Kg2 a4 52. h6 Rh3 53. h7 Rh6 54. Rb7 a3 55. Rxb6 Rxh7 56. Ra6 Rh3 57. Ra4 Rb3 58. Kf2 Kg5 59. Ra6 g3+ 60. Kg2 Kf4 61. Ra4+ Ke3 62. Kxg3 Kd2+ 63. Kf4 Kc2 64. Ke4 Kb2 65. Kd4 a2 66. Kc4 Ra3 67. Rb4+ Kc2 0-1

[Event "Madrid-ch Seniors 65"]
[Site "Madrid"]
[Date "2017.01.30"]
[Round "7"]
[White "Alvarez Escudero, Manuel"]
[Black "Arroyo Fraile, Mario"]
[Result "1-0"]
[WhiteElo "1782"]
[BlackElo "1552"]
[PlyCount "84"]
[EventDate "2017.01.20"]
[EventType "swiss"]
[EventRounds "7"]
[EventCountry "ESP"]
[SourceTitle "CBM 176 Extra"]
[Source "ChessBase"]
[SourceDate "2017.03.02"]
[SourceVersion "1"]
[SourceVersionDate "2017.03.02"]
[SourceQuality "1"]

1. e4 c5 2. Nf3 Nc6 3. Bc4 e6 4. c3 a6 5. d4 cxd4 6. Nxd4 Nf6 7. Nxc6 bxc6 8. Bg5 Be7 9. Nd2 d5 10. exd5 cxd5 11. Bb3 0-0 12. 0-0 Bd7 13. Qf3 Rb8 14. Rfe1 a5 15. Qe3 h6 16. Bf4 Rb7 17. a4 Nh7 18. Ra2 Bg5 19. Bxg5 Nxg5 20. Bc2 Re8 21. Qd3 Kf8 22. h4 Ne4 23. Nxe4 dxe4 24. Qxe4 Qc7 25. Qh7 Rbb8 26. Qh8+ Ke7 27. Qxg7 Rg8 28. Qxh6 Bc6 29. Be4 Bxe4 30. Rxe4 Rg6 31. Qe3 Rbg8 32. g3 Rd8 33. Rd4 Rc8 34. Ra1 Qc6 35. Rad1 Rc7 36. h5 Rg8 37. Qe4 Qb6 38. R1d2 Qa7 39. Qh4+ f6 40. Qe4 Kf7 41. Rd8 Rxg3+ 42. Kh2 Rg8 1-0

[Event "Far East Bank op"]
[Site "Manila"]
[Date "1990.05.28"]
[Round "1"]
[White "Arroyo Fraile, Mario"]
[Black "Djuric, Stefan"]
[Result "0-1"]
[WhiteElo "2003"]
[BlackElo "2495"]
[PlyCount "68"]
[EventDate "1990.05.28"]
[EventType "swiss"]
[EventRounds "11"]
[EventCountry "PHI"]
[SourceTitle "EXT 2015"]
[Source "ChessBase"]
[SourceDate "2014.11.20"]
[SourceVersion "1"]
[SourceVersionDate "2014.11.20"]
[SourceQuality "1"]

1. e4 c5 2. Nf3 e6 3. d4 cxd4 4. Nxd4 a6 5. Bd3 Bc5 6. Nb3 Bb6 7. 0-0 Nc6 8. Qg4 Nf6 9. Qh4 Ne5 10. Nc3 d6 11. Kh1 Nfg4 12. Bg5 f6 13. Bd2 0-0 14. f4 Nxd3 15. cxd3 f5 16. Qg3 d5 17. exd5 exd5 18. Na4 Ba7 19. Ba5 b6 20. Bb4 Re8 21. Rae1 a5 22. Bc3 Bd7 23. h3 Nf6 24. Bxf6 Qxf6 25. Nc3 d4 26. Nb1 Rac8 27. Qf2 b5 28. N1d2 a4 29. Nc1 Re3 30. Nf3 Bc6 31. Rxe3 dxe3 32. Qe2 Bc5 33. Rd1 Qd6 34. Ne5 Ba7 0-1